Željeznyja Dorogi i Georg` Stefenson`

Bibliographic Details
Main Author: Orlovskij, Sergej, 1839-1893 (Author)
Corporate Author: Tipografija K. L. Men'šova (Moskva, Rusko) (Printer)
Format: Book
Language:Russian
PhysicalDescription:46, [2] s. 13 cm
Published: Moskva Tipografija K. L. Men'šova. Arbat', Nikol'skij Per., d. 21 1911
Subjects:

MARC

LEADER 00000nam a2200000 a 4500
001 vtls011536029
003 SK-MaSNL
005 20260301040638.0
008 251112s1911 ru 000 0 rus
015 |a SNBHFA1911 
020 |q (brož.) 
035 |a FFA50DCB-DDF4-42F9-92D8-807F48A85539 
035 |a urn:nbn:sk:snk-am3h73u 
035 |a urn:nbn:sk:snk-am00cqwt 
040 |a SNKHFA  |b slo  |c SNK  |e AACR2 
041 0 |a rus 
044 |a ru  |c RU 
072 7 |a 82  |x Krásna literatúra  |2 konspekt 
080 |a 821.161.1  |2 2011 
080 |a 398.21  |2 2011 
100 1 |a Orlovskij, Sergej,  |d 1839-1893  |4 aut  |9 341149 
245 1 0 |a Željeznyja Dorogi i Georg` Stefenson` 
260 |a Moskva  |b Tipografija K. L. Men'šova. Arbat', Nikol'skij Per., d. 21  |c 1911 
300 |a 46, [2] s.  |c 13 cm 
500 |a Ilustrovaný obálkový titulný list 
561 |a Z knižnice Dušana Makovického.  |5 SNK IE 10012 
600 1 4 |a Stephenson, George,  |d 1781-1848  |9 237426 
650 0 7 |a ruská literatúra  |2 SNKPH  |9 1204 
655 7 |a príbehy  |2 SNKPH  |9 70507 
700 1 |a Makovický, Dušan,  |d 1866-1921  |4 fmo  |9 40176 
710 2 |a Tipografija K. L. Men'šova (Moskva, Rusko)  |4 prt  |9 341150 
752 |a Rusko  |d Moskva 
852 |a snk  |b Historické fondy  |p IE 10012 
958 |a ONDV 
999 |c 586549  |d 588479 
952 |t Mak 79  |a SNK  |b SNK  |c SNK_HF  |y PREZ  |7 0  |p 17A1128458  |o snkIE 10012  |i snk2016/7810  |8 5  |0 0  |1 0  |4 0  |d 2016-03-21  |f 1  |l 0  |r 2026-02-23 15:11:33  |w 2026-02-23